Estudios sobre política económica en América Latina : (Registro nro. 11702)
[ vista simple ]
| 000 -LEADER | |
|---|---|
| fixed length control field | 01053nam a2200253Ia 4500 |
| 003 - CONTROL NUMBER IDENTIFIER | |
| control field | OSt |
| 005 - DATE AND TIME OF LATEST TRANSACTION | |
| control field | 20210514112637.0 |
| 008 - FIXED-LENGTH DATA ELEMENTS--GENERAL INFORMATION | |
| fixed length control field | 210310s1964 sp a gr 001 0 spa d |
| 040 ## - CATALOGING SOURCE | |
| Original cataloging agency | CO-JMCR |
| Transcribing agency | CO-JMCR |
| 041 1# - LANGUAGE CODE | |
| Language code of text/sound track or separate title | spa |
| Language code of original | eng |
| 082 04 - DEWEY DECIMAL CLASSIFICATION NUMBER | |
| Classification number | 330.98 / |
| Item number | H669e |
| Edition number | 23 |
| 100 1# - MAIN ENTRY--PERSONAL NAME | |
| Personal name | Hirschman, Albert, |
| Relator term | autor |
| 9 (RLIN) | 7448 |
| 245 #0 - TITLE STATEMENT | |
| Title | Estudios sobre política económica en América Latina : |
| Remainder of title | (en ruta hacia el progreso) / |
| Statement of responsibility, etc. | Albert O. Hirschman ; traducción del Inglés por Manuel Aguilar Gonzalez |
| 260 ## - PUBLICATION, DISTRIBUTION, ETC. | |
| Place of publication, distribution, etc. | Madrid, España : |
| Name of publisher, distributor, etc. | Aguilar, |
| Date of publication, distribution, etc. | 1964. |
| 300 ## - PHYSICAL DESCRIPTION | |
| Extent | xii, 350 páginas : |
| Other physical details | ilustraciones a color ; |
| Dimensions | 21 cm. |
| 490 0# - SERIES STATEMENT | |
| Series statement | Economía |
| 500 ## - GENERAL NOTE | |
| General note | Incluye índices. |
| 504 ## - BIBLIOGRAPHY, ETC. NOTE | |
| Bibliography, etc. note | Con: notas a pie de página. |
| 505 ## - FORMATTED CONTENTS NOTE | |
| Formatted contents note | Tres problemas en tres países. -- La tendencia de la tierra y la reforma agraria en Colombia. -- Soluciones de problemas y fragua de la reforma. |
| 650 14 - SUBJECT ADDED ENTRY--TOPICAL TERM | |
| Topical term or geographic name entry element | Política económica. |
| 9 (RLIN) | 37632 |
| 650 14 - SUBJECT ADDED ENTRY--TOPICAL TERM | |
| Topical term or geographic name entry element | Estudios de economía política. |
| 9 (RLIN) | 37633 |
| 700 1# - ADDED ENTRY--PERSONAL NAME | |
| Personal name | Aguilar Gonzalez, Manuel, |
| Relator term | traductor |
| 9 (RLIN) | 7453 |
| 942 ## - ADDED ENTRY ELEMENTS (KOHA) | |
| Source of classification or shelving scheme | Dewey Decimal Classification |
| Koha item type | Books |
| Withdrawn status | Lost status | Source of classification or shelving scheme | Damaged status | Not for loan | Home library | Current library | Shelving location | Date acquired | Source of acquisition | Total Checkouts | Full call number | Barcode | Date last seen | Date last checked out | Copy number | Price effective from | Koha item type |
|---|---|---|---|---|---|---|---|---|---|---|---|---|---|---|---|---|---|
| Dewey Decimal Classification | Biblioteca Pública José María del Castillo y Rada | Biblioteca Pública José María del Castillo y Rada | General Stacks | 04/15/2018 | Donación | 2 | 330.98 / H669e | 430002150 | 06/19/2025 | 06/18/2025 | Ej.1 | 03/10/2021 | Books | ||||
| Dewey Decimal Classification | Biblioteca Pública José María del Castillo y Rada | Biblioteca Pública José María del Castillo y Rada | General Stacks | 04/15/2018 | Donación | 330.98 / H669e | 430002151 | 05/16/2024 | Ej.2 | 03/10/2021 | Books |